Les plus grands lacs artificiels de France - Statistiques

Statistiques générales
  • Ce quiz a été pris 59 fois
  • Le résultat moyen est 2 sur 14
Statistiques - réponses
Superficie Lac de barrage % Correct
29 km² Serre-Ponçon
75%
21,8 km² Sainte-Croix
39%
48 km² Der-Chantecoq
30%
23 km² Orient
16%
16,5 km² Vouglans
14%
12,6 km² Pareloup
11%
11 km² Madine
7%
18,4 km² Temple
7%
10,7 km² Bort-les-Orgues
5%
10 km² Sarrans
4%
310 km² Sinnamary
4%
40 km² Yaté
4%
11 km² Grandval
2%
10,5 km² Naussac
2%
Aucun quiz correspondant
Distribution des résultats
% des personnes avec chaque résultat
Percentile par nombre de réponses
Votre historique - résultats
Vous n’avez pas pris ce quiz